000 00533nam a22001817a 4500
005 20250204140901.0
008 250204b |||||||| |||| 00| 0 eng d
020 _a9788121 928229
041 _aeng
082 _a628.1
_bKHU
100 _aKhurmi R S
_9141538
245 _aStrengh Of Materials
260 _anewDelhi
_bS. Chand & Company Ltd.
_c2010
300 _a862Pages
_bPb
_c24 x 17
365 _aINR
_b1.00
_cRupaye
500 _aSimple Stresses And Strains Streesses And Strains In Bars Of V arying Sewctions
942 _cDB
999 _c364980
_d364980